Top 100 Artists With Most Grammy Wins - Statistics

General Stats
  • This quiz has been taken 673 times
  • The average score is 15 of 100
Answer Stats
No Wins Nominee % Correct
1 35 Beyonce
91%
35 14 Taylor Swift
87%
9 24 Jay-Z
71%
42 13 Michael Jackson
70%
19 19 Yo-Yo Ma
66%
10 24 Kanye West
65%
29 16 Adele
57%
30 15 Eminem
57%
13 22 Kendrick Lamar
57%
79 9 Rihanna
56%
80 9 Billie Eilish
52%
44 13 Lady Gaga
51%
32 15 Bruno Mars
40%
6 25 Stevie Wonder
29%
67 10 Justin Timberlake
28%
43 13 Pharrell Williams
27%
20 18 Aretha Franklin
25%
3 28 Quincy Jones
24%
81 9 Frank Sinatra
23%
68 10 Bob Dylan
22%
65 10 Dolly Parton
22%
89 9 Norah Jones
22%
34 15 Alicia Keys
21%
7 25 John Williams
21%
100 8 Lauryn Hill
21%
15 20 Bruce Springsteen
19%
28 16 Kirk Franklin
18%
97 8 Usher
18%
26 16 Paul Simon
17%
61 11 Al Green
16%
86 9 Metallica
16%
22 17 Ray Charles
14%
96 8 Tina Turner
14%
92 8 Barbra Streisand
12%
76 10 Carlos Santana
12%
45 13 Johnny Cash
12%
41 13 Emmylou Harris
11%
52 12 Willie Nelson
11%
55 12 John Legend
10%
31 15 Foo Fighters
9%
74 10 Joni Mitchell
9%
78 9 Mary J. Blige
9%
58 12 Jack White
8%
18 19 Tony Bennett
8%
95 8 Beck
7%
85 9 Natalie Cole
7%
5 27 Alison Krauss
6%
84 9 André 3000
6%
46 13 Bonnie Raitt
6%
50 13 Ella Fitzgerald
6%
82 9 Sheryl Crow
6%
98 8 Fergie
5%
90 9 Hillary Scott
5%
64 11 Jack Antonoff
5%
70 10 Linda Ronstadt
5%
14 20 Henry Mancini
4%
59 11 Michael Tilson Thomas
4%
38 14 Phil Ramone
4%
63 11 Roger Miller
4%
56 12 The Chicks
4%
72 10 Chaka Khan
3%
4 27 Chick Corea
3%
2 31 George Solti
3%
69 10 James Levine
3%
93 8 Luther Vandross
3%
25 16 Robert Shaw
3%
53 12 Babyface
2%
71 10 Brandi Carlile
2%
33 15 CeCe Winans
2%
11 22 David Frost
2%
23 16 Leonard Bernstein
2%
49 13 Leontyne Price
2%
47 13 Robert Woods
2%
88 9 Skrillex
2%
99 8 Take 6
2%
12 22 Vince Gill
2%
8 25 Vladimir Horowitz
2%
39 14 Alison Krauss and Union Station
1%
17 20 Al Schmitt
1%
66 10 Andre Previn
1%
62 11 Arif Mardin
1%
94 8 Asleep At The Wheel
1%
36 14 Bela Fleck
1%
73 10 Bobby McFerrin
1%
87 9 Count Basie
1%
91 9 Emerson String Quartet
1%
75 10 Finneas O'Connell
1%
83 9 James Blackwood Sr.
1%
24 16 James Mallinson
1%
40 13 Jay David Saks
1%
57 12 Jay Newland
1%
37 14 Jerry Douglas
1%
21 18 Jimmy Sturr
1%
16 20 Pat Metheny
1%
77 10 Pat Metheny Group
1%
60 11 Shirley Caesar
1%
27 16 Steven Epstein
1%
48 13 Taylor Hawkins
1%
51 13 T Bone Burnett
1%
54 12 Thomas Z Shepard
1%
No matching quizzes found
Score Distribution
Percent of People with Each Score
Percentile by Number Answered
Your Score History
You have not taken this quiz